Clubs champions de premier league - Statistiques

Statistiques générales
  • Ce quiz a été pris 211 fois
  • Le résultat moyen est 12 sur 24
Statistiques - réponses
Titre Club % Correct
9 Manchester city
99%
20 Manchester united
99%
13 Arsenal
98%
6 Chelsea
97%
19 Liverpool
97%
7 Aston Villa
82%
1 Leicester city
78%
2 Tottenham hotspur
75%
9 Everton
66%
4 Newcastle united
66%
1 Nottingham forest
53%
3 Leeds united
45%
6 Sunderland
38%
3 Blackburn Rovers
34%
2 Burnley
30%
3 Wolverhampton Wanderers
26%
1 Sheffield united
25%
1 Ipswich town
15%
4 Sheffield Wednesday
15%
2 Derby county
13%
2 Portsmouth
12%
2 Preston north end
10%
3 Huddersfield town
7%
1 West bromwich albion
7%
Aucun quiz correspondant
Distribution des résultats
% des personnes avec chaque résultat
Percentile par nombre de réponses
Votre historique - résultats
Vous n’avez pas pris ce quiz